Actors who worked with Pedro Almodóvar - Statistics

General Stats
  • This quiz has been taken 8 times
  • The average score is 17 of 92
Answer Stats
Films Answer % Correct
All About My Mother, Pain and Glory, Parallel Mothers, Volver, Live Flesh, Broken Embraces, I'm So Excited! Penélope Cruz
100%
The Skin I Live In, Pain and Glory, Women on the Verge of a Nervous Breakdown, Tie Me Up! Tie Me Down!, Law of Desire, Matador, I'm So Excited!, Labyrinth of Passion Antonio Banderas
88%
The Room Next Door Tilda Swinton
63%
The Room Next Door Julianne Moore
50%
Women on the Verge of a Nervous Breakdown, Parallel Mothers, Tie Me Up! Tie Me Down!, Broken Embraces, The Flower of My Secret Rossy de Palma
50%
Pain and Glory Asier Etxeandia
38%
Women on the Verge of a Nervous Breakdown, Volver, Law of Desire, Dark Habits, Matador, What Have I Done to Deserve This?, Pepi, Luci, Bom Carmen Maura
38%
Strange Way of Life Ethan Hawke
38%
Pain and Glory, Women on the Verge of a Nervous Breakdown, Parallel Mothers, Tie Me Up! Tie Me Down!, Dark Habits, Matador, Pepi, Luci, Bom Julieta Serrano
38%
The Skin I Live In, All About My Mother, High Heels, Dark Habits, The Flower of My Secret Marisa Paredes
38%
Law of Desire, High Heels, Matador Nacho Martínez
38%
Strange Way of Life Pedro Pascal
38%
All About My Mother, Pain and Glory, What Have I Done to Deserve This?, I'm So Excited!, Pepi, Luci, Bom, Labyrinth of Passion Cecilia Roth
25%
The Skin I Live In Eduard Fernández
25%
Law of Desire, Matador Eusebio Poncela
25%
Bad Education Fele Martínez
25%
Strange Way of Life Jason Fernández
25%
Live Flesh Javier Bardem
25%
The Room Next Door John Turturro
25%
Tie Me Up! Tie Me Down! Loles León
25%
Parallel Mothers Milena Smit
25%
Pain and Glory Nora Navas
25%
Julieta Pilar Castro
25%
Kika, What Have I Done to Deserve This? Verónice Forqué
25%
Tie Me Up! Tie Me Down!, High Heels, Kika Victoria Abril
25%
Julieta Adriana Ugarte
13%
The Room Next Door Alessandro Nivola
13%
Kika Àlex Casanovas
13%
Live Flesh, Broken Embraces Ángela Molina
13%
High Heels Anna Lizaran
13%
All About My Mother Antonia San Juan
13%
I'm So Excited! Antonio de la Torre
13%
Matador Assumpta Serna
13%
Volver, Broken Embraces Blanca Portillo
13%
All About My Mother Candela Peña
13%
The Flower of My Secret Carme Elias
13%
I'm So Excited! Coté Soler
13%
Dark Habits Cristina Sánchez Pascual
13%
Bad Education Daniel Giménez Cacho
13%
Julieta Daniel Grao
13%
Strange Way of Life Daniel Rived
13%
Talk to Her, Julieta Darío Grandinetti
13%
The Skin I Live In Elena Anaya
13%
Julieta Emma Suárez
13%
Matador Eva Cobo
13%
Pepi, Luci, Bom Félix Rotaeta
13%
Law of Desire Fernando Guillén
13%
Live Flesh Francesca Neri
13%
Tie Me Up! Tie Me Down! Francisco Rabal
13%
Bad Education Gael García Bernal
13%
Talk to Her Geraldine Chaplin
13%
Labyrinth of Passion Helga Liné
13%
I'm So Excited! Hugo Silva
13%
Labyrinth of Passion Imanol Arias
13%
Julieta Inma Cuesta
13%
Parallel Mothers Israel Elejalde
13%
The Skin I Live In Jan Cornet
13%
Talk to Her Javier Cámara
13%
Strange Way of Life José Condessa
13%
The Skin I Live In, Broken Embraces José Luis Gómez
13%
The Room Next Door Juan Diego Bottto
13%
The Flower of My Secret Juan Echanove
13%
Women on the Verge of a Nervous Breakdown, Broken Embraces, What Have I Done to Deserve This?, The Flower of My Secret, Pepi, Luci, Bom Kiti Mánver
13%
Dark Habits Laura Cepeda
13%
Pain and Glory Leonardo Sbaraglia
13%
Talk to Her Leonor Watling
13%
Live Flesh Liberto Rabal
13%
Bad Education, Broken Embraces Lluís Homar
13%
Volver, Broken Embraces, I'm So Excited! Lola Dueñas
13%
What Have I Done to Deserve This? Luis Hostalot
13%
Law of Desire Manuela Velasco
13%
Strange Way of Life Manu Ríos
13%
Talk to Her, Broken Embraces Mariola Fuentes
13%
Labyrinth of Passion Marta Fernández Muro
13%
I'm So Excited! Miguel Ángel Silvestre
13%
High Heels Miguel Bosé
13%
Law of Desire Miguel Molina
13%
Talk to Her, I'm So Excited! Paz Vega
13%
Kika Peter Coyote
13%
The Skin I Live In Roberto Álamo
13%
All About My Mother Rosa María Sardà
13%
Talk to Her Rosario Flores
13%
Broken Embraces Rubén Ochandiano
13%
What Have I Done to Deserve This? Ryo Hiruma
13%
Strange Way of Life Sara Sálamo
13%
Dark Habits Will More
13%
Volver Yohana Cobo
13%
The Flower of My Secret Joaquín Cortés
0%
Live Flesh José Sancho
0%
Women on the Verge of a Nervous Breakdown, Tie Me Up! Tie Me Down! María Barranco
0%
Talk to Her Pina Bausch
0%
Broken Embraces Tamar Novas
0%
No matching quizzes found
Score Distribution
Percent of People with Each Score
Percentile by Number Answered
Your Score History
You have not taken this quiz